Score 0/60 Timer 06:00
0 Plays Today
Clue 4-Letter Word % Correct
Having little colorPALE
92.6%
Brazilian soccer legendPELE
90.1%
'From ___ to Eternity'HERE
87.5%
Give a job toHIRE
87.3%
End the life ofKILL
78.1%
Office furniture pieceDESK
77.7%
Half a quartPINT
76.1%
Actress Kunis of 'Black Swan'MILA
75.2%
What to strum a guitar withPICK
74.7%
Folk singer SeegerPETE
74%
Part of a staircaseSTEP
73.4%
A long storySAGA
72.9%
'The Adventures of ___ & Otis'MILO
72.4%
Place into the mailSEND
72%
Put an end toSTOP
71.9%
Plant germinatorSEED
71.9%
Prefix for 103KILO-
71.7%
Lucille Ball's husband ArnazDESI
71.7%
Genesis game platform makerSEGA
71.1%
Ooze into slowlySEEP
70.8%
Actress Moreno or WilsonRITA
70.4%
A phonographic recordDISK
70.3%
A ceremonial actRITE
69.3%
Remove the skin of an applePARE
69%
A sample music tapeDEMO
68.1%
Sex educator ShereHITE
64.7%
Singer of 'U + Ur Hand'PINK
63%
Prefix for 106MEGA-
62.9%
At the highest point ofATOP
60.3%
Capital of LatviaRIGA
60%
Clue 4-Letter Word % Correct
Scarlett O'Hara's plantationTARA
59.5%
Stefani Germanotta's LadyGAGA
58.2%
Tonto's honorific '___ sabe'KEMO
57.7%
Confined or repressedPENT
57.5%
Prefix for 10-1DECI-
57.2%
Prefix for 109GIGA-
56.9%
Edible seaweedKELP
55.4%
Prefix for 101DECA-
55.2%
Isomer of ortho or metaPARA
53.9%
1/100 of an Estonian kroonSENT
53.3%
Webcomic 'Kevin & ___'KELL
51.5%
Former GOP VP candidate JackKEMP
50.5%
Prefix for 1012TERA-
50.1%
'Whip It' singersDEVO
50%
Prefix for 10-12PICO-
45%
Spanish for a boyNIÑO
44.6%
Harker heroine of 'Dracula'MINA
44.5%
Prefix for 1015PETA-
43.2%
Unpleasantly moistDANK
42.8%
Actress Suvari of 'Loser'MENA
42.8%
Prefix for 10-9NANO-
39.1%
A drop shotDINK
38.4%
'The Velvet Underground & ___'NICO
35.5%
Beatles line 'Jai guru ___ om'DEVA
35%
Dried and witheredSERE
34.9%
Blood fluidsSERA
32.6%
Abbr. on a memo or envelopeATTN
30.5%
Egyptian disc of the sunATON
29.3%
Actor Paul of 'There Will Be Blood'DANO
28.7%
Prefix for 10-18ATTO-
17.4%

Today's Daily Dose

Remove Ads.
Support Sporcle.
Get the best of Sporcle when you Go Orange. This ad-free experience offers more features, more stats, and more fun while also helping to support Sporcle. Thank you for becoming a member.

You're not logged in!

Compare scores with friends on all Sporcle quizzes.
OR
Log In

Show Comments

Extras

Top Quizzes Today


Score Distribution

Your Account Isn't Verified!

In order to create a playlist on Sporcle, you need to verify the email address you used during registration. Go to your Sporcle Settings to finish the process.

Report this User

Report this user for behavior that violates our Community Guidelines.

Details: